[Event "3rd EUR-ch"]
[Site "Batumi GEO"]
[Date "2002.06.23"]
[Round "11"]
[White "Haznedaroglu, Kivanc"]
[Black "Morchiashvili, Bachana"]
[Result "1-0"]
[WhiteElo "2345"]
[BlackElo "2167"]
[EventDate "2002.06.12"]
[PlyCount "113"]

1.e4 c5 2.Nf3 d6 3.d4 cxd4 4.Nxd4 Nf6 5.Nc3 a6 6.Bg5 e6 7.f4 Qb6 8.Nb3 
Nbd7 9.Qf3 Be7 10.O-O-O Qc7 11.Bd3 b5 12.Rhe1 Bb7 13.g4 O-O-O 14.Kb1 Kb8 
15.Ne2 h6 16.Bxf6 Bxf6 17.Ng3 g6 18.c3 Nb6 19.Rc1 Na4 20.Qe2 Rhe8 21.Rc2 
g5 22.Nh5 Bh8 23.fxg5 hxg5 24.Qe3 Rg8 25.Rf2 Rc8 26.Ref1 Rgf8 27.Nf6 Rcd8 
28.Qxg5 d5 29.e5 d4 30.cxd4 Bxf6 31.Rxf6 Nb6 32.Rxf7 Rxf7 33.Rxf7 Qxf7 34.
Qxd8+ Ka7 35.Qf6 Qd7 36.Qf2 Qd5 37.Nc5 Qh1+ 38.Kc2 Nd5 39.a3 Bc6 40.Be4 
Nb4+ 41.axb4 Bxe4+ 42.Kd2 Bd5 43.Kc2 Be4+ 44.Kd2 Bd5 45.Nd3 Bc4 46.d5+ Kb8
47.Qf8+ Ka7 48.Qe7+ Ka8 49.Qd8+ Ka7 50.Qc7+ Ka8 51.Qc8+ Ka7 52.Qc5+ Ka8 
53.dxe6 Qxh2+ 54.Kc3 Qg3 55.Qc6+ Ka7 56.Qd7+ Ka8 57.e7 1-0

[Event "3rd EUR-ch"]
[Site "Batumi GEO"]
[Date "2002.06.23"]
[Round "11"]
[White "Citak, Selim"]
[Black "Gassanov, Assif"]
[Result "1/2-1/2"]
[WhiteElo "2035"]
[BlackElo "2319"]
[EventDate "2002.06.12"]
[PlyCount "103"]

1.d4 d5 2.c4 e6 3.Nc3 Be7 4.Nf3 Nf6 5.Bg5 O-O 6.e3 Nbd7 7.Rc1 c6 8.Bd3 
dxc4 9.Bxc4 Nd5 10.Bxe7 Qxe7 11.Ne4 N5f6 12.Nxf6+ Qxf6 13.O-O e5 14.dxe5 
Nxe5 15.Nxe5 Qxe5 16.Qe2 Be6 17.Bxe6 Qxe6 18.a3 f5 19.Rfd1 Rae8 20.Qc4 
Qxc4 21.Rxc4 Re7 22.Rcd4 Rfe8 23.g3 Kf7 24.Kg2 Re5 25.Kf3 R8e7 26.h4 c5 
27.Rd5 Kf6 28.Rd6+ R5e6 29.Kf4 g6 30.R1d5 b6 31.Rxe6+ Rxe6 32.Rd7 Re4+ 33.
Kf3 Re7 34.Rxe7 Kxe7 35.Kf4 Kf6 36.e4 h6 37.exf5 gxf5 38.f3 b5 39.g4 b4 
40.axb4 cxb4 41.Ke3 fxg4 42.fxg4 Ke5 43.b3 a6 44.Kd3 Kf4 45.g5 hxg5 46.
hxg5 Kxg5 47.Kc4 Kf4 48.Kxb4 Ke4 49.Kc4 Ke3 50.b4 Kd2 51.b5 axb5+ 52.Kxb5 
1/2-1/2

[Event "3rd EUR-ch"]
[Site "Batumi GEO"]
[Date "2002.06.23"]
[Round "11"]
[White "Chigladze, Iveri"]
[Black "Erdogdu, Mert"]
[Result "1/2-1/2"]
[WhiteElo "2149"]
[BlackElo "2295"]
[EventDate "2002.06.12"]
[PlyCount "146"]

1.c4 Nf6 2.Nc3 g6 3.g3 Bg7 4.Bg2 O-O 5.Nf3 d6 6.O-O Nc6 7.Rb1 e5 8.b4 a6 
9.a4 Re8 10.b5 axb5 11.axb5 Nd4 12.d3 h6 13.Bb2 Nd7 14.Nd2 Nc5 15.e3 Nde6 
16.Qc2 Ng5 17.h4 Nh7 18.Ra1 Rb8 19.Nb3 g5 20.hxg5 hxg5 21.Ra7 Nxb3 22.Qxb3
g4 23.Ne4 Be6 24.Rfa1 Bf8 25.Qc3 f6 26.Ba3 Bg7 27.Bb2 Bf8 28.Rc1 Re7 29.
Ba3 Rf7 30.d4 f5 31.Nd2 e4 32.d5 Bd7 33.Kf1 b6 34.Bb2 Bg7 35.Qa3 Ng5 36.
Ke2 Re7 37.Rh1 Nf7 38.Bxg7 Kxg7 39.Qa1+ Ne5 40.Rh5 Re8 41.Qh1 Rh8 42.Rxh8 
Qxh8 43.Qxh8+ Rxh8 44.Rxc7 Ra8 45.Kd1 Ra1+ 46.Kc2 Ra2+ 47.Kc3 Kf8 48.Bf1 
Ke7 49.Be2 Ra1 50.Nb3 Ra2 51.Nd4 Ra3+ 52.Kb2 Ra4 53.Rb7 Kd8 54.Nc6+ Kc8 
55.Rxb6 Bxc6 56.dxc6 Rxc4 57.Ra6 Nd3+ 58.Kb3 Rb4+ 59.Kc3 Rxb5 60.Bxd3 exd3
61.Ra7 Rd5 62.Kd2 Rb5 63.Kxd3 Rb2 64.Kc4 Rxf2 65.Kd5 Rd2+ 66.Ke6 Rd3 67.
Kxf5 Rxe3 68.Kxg4 Rc3 69.Ra6 Kd8 70.Kf5 Rxg3 71.Ra7 Rc3 72.Rd7+ Kc8 73.
Rxd6 Kc7 1/2-1/2

[Event "3rd EUR-ch"]
[Site "Batumi GEO"]
[Date "2002.06.23"]
[Round "11"]
[White "Sulashvili, Malkhaz"]
[Black "Olcayoz, Alper"]
[Result "0-1"]
[WhiteElo "2254"]
[BlackElo "2294"]
[EventDate "2002.06.12"]
[PlyCount "90"]

1.e4 c5 2.Nf3 Nc6 3.d4 cxd4 4.Nxd4 Nf6 5.Nc3 d6 6.f4 Qb6 7.Nb3 e6 8.Qe2 a6
9.Be3 Qc7 10.a4 b6 11.g4 Bb7 12.g5 Nd7 13.Bg2 Nb4 14.h4 Be7 15.O-O Nc5 16.
Nxc5 bxc5 17.f5 exf5 18.exf5 O-O-O 19.Rad1 d5 20.Bf4 Bd6 21.Bxd6 Rxd6 22.
Rf2 h6 23.Qg4 Kb8 24.Qf4 hxg5 25.hxg5 Rdd8 26.Ne2 Qxf4 27.Nxf4 d4 28.Bxb7 
Kxb7 29.g6 fxg6 30.Ne6 Rd5 31.fxg6 Re5 32.Nf4 Rh6 33.c3 Nd5 34.cxd4 Rg5+ 
35.Ng2 Ne3 36.Rdd2 Rhxg6 37.Kh1 Rxg2 38.Rf7+ Kc6 39.d5+ Kd6 40.Rxg2 Rxg2 
41.Ra7 g5 42.Rxa6+ Kxd5 43.Rb6 Nc4 44.Rg6 Rxb2 45.Rxg5+ Ne5 0-1

[Event "3rd EUR-ch"]
[Site "Batumi GEO"]
[Date "2002.06.23"]
[Round "11"]
[White "Mareck, Sascha"]
[Black "Ataman, Alper"]
[Result "1-0"]
[WhiteElo "2249"]
[BlackElo "2191"]
[EventDate "2002.06.12"]
[PlyCount "79"]

1.e4 c5 2.Nf3 Nc6 3.d4 cxd4 4.Nxd4 Nf6 5.Nc3 e5 6.Ndb5 d6 7.Bg5 a6 8.Na3 
b5 9.Nd5 Be7 10.Nxe7 Nxe7 11.Bxf6 gxf6 12.Qf3 f5 13.exf5 Bxf5 14.Bd3 Be6 
15.O-O O-O 16.Qf6 Ng6 17.Qxd8 Raxd8 18.Rfd1 d5 19.c3 f5 20.Nc2 Rd7 21.a4 
Rg7 22.Kh1 f4 23.axb5 axb5 24.Ra6 Bc8 25.Rd6 Nh4 26.Ne1 Bb7 27.Bxb5 d4 28.
Bc6 Bxc6 29.Rxc6 Rb7 30.cxd4 Rxb2 31.Nd3 Rb3 32.dxe5 Ng6 33.Rd6 Rb5 34.Re1
Re8 35.h3 Re7 36.Rd4 f3 37.g3 Kf7 38.h4 h5 39.Rde4 Rb3 40.R1e3 1-0

[Event "3rd EUR-ch"]
[Site "Batumi GEO"]
[Date "2002.06.23"]
[Round "11"]
[White "Erdogan, Hakan"]
[Black "Yilmaz, Turhan"]
[Result "1/2-1/2"]
[WhiteElo "2233"]
[BlackElo "2303"]
[EventDate "2002.06.12"]
[PlyCount "152"]

1.d4 d5 2.c4 e6 3.Nc3 Be7 4.Nf3 Nf6 5.Bg5 Nbd7 6.e3 c6 7.Be2 O-O 8.O-O 
dxc4 9.Bxc4 Nd5 10.Bxe7 Qxe7 11.e4 Nxc3 12.bxc3 e5 13.Qd3 exd4 14.cxd4 Nb6
15.Bb3 Be6 16.d5 Rad8 17.Rfe1 cxd5 18.exd5 Qf6 19.d6 Bxb3 20.axb3 a6 21.
Rad1 g6 22.Qd4 Qxd4 23.Rxd4 Rd7 24.Ne5 Re8 25.Re3 Rdd8 26.Nd3 Rxe3 27.fxe3
Nd7 28.b4 b6 29.Kf2 Rc8 30.Nf4 Kg7 31.Nd5 Rc2+ 32.Kf3 Rc6 33.Nc7 a5 34.
bxa5 bxa5 35.Ra4 Rc5 36.Re4 Rf5+ 37.Ke2 Re5 38.Rc4 f5 39.Kd3 Kf6 40.g3 a4 
41.Kd2 Ra5 42.Kc1 Ke5 43.Kb2 a3+ 44.Ka2 Kxd6 45.Ne8+ Ke7 46.Nc7 Nf6 47.h3 
Kd6 48.g4 fxg4 49.hxg4 g5 50.Rc1 Nxg4 51.Ne8+ Ke7 52.Ng7 Kf7 53.Rc7+ Kg6 
54.e4 Nf6 55.Ne6 h6 56.Nc5 Ng4 57.Rc6+ Kh5 58.Ne6 Nf6 59.Ng7+ Kg6 60.Ne8 
g4 61.Nxf6 g3 62.Ng4+ Kg5 63.Nxh6 Ra7 64.Nf5 g2 65.Rc1 Kf4 66.Rg1 Kxe4 67.
Nh4 Rg7 68.Nxg2 Rg4 69.Kxa3 Rg3+ 70.Kb4 Kf3 71.Nh4+ Kg4 72.Ng2 Kh3 73.Nf4+
Kg4 74.Ng2 Kh3 75.Nf4+ Kg4 76.Rxg3+ Kxg3 1/2-1/2

[Event "3rd EUR-ch"]
[Site "Batumi GEO"]
[Date "2002.06.23"]
[Round "11"]
[White "Klerides, Paris"]
[Black "Kamadadze, Zviad"]
[Result "1-0"]
[WhiteElo "2210"]
[BlackElo "2225"]
[EventDate "2002.06.12"]
[PlyCount "67"]

1.e4 c5 2.Nf3 a6 3.Nc3 d6 4.d4 cxd4 5.Nxd4 Nf6 6.Bg5 e6 7.f4 Qb6 8.Qd2 
Qxb2 9.Rb1 Qa3 10.f5 Qc5 11.fxe6 fxe6 12.Bxf6 gxf6 13.Na4 Bh6 14.Qxh6 Qa5+
15.c3 Qxa4 16.Be2 Qa5 17.Bh5+ Kd8 18.Qxf6+ Kc7 19.Qg7+ Bd7 20.Nxe6+ Kc6 
21.Nd4+ Kc7 22.Qxh8 Qxh5 23.O-O a5 24.Rf8 a4 25.Qf6 b5 26.Qd8+ Kb7 27.Nf5 
Qe2 28.Nxd6+ Ka6 29.Nxb5 Qe3+ 30.Kh1 Qxe4 31.Rf6+ Bc6 32.Qc8+ Ka5 33.Qd8+ 
Ka6 34.Rxc6+ 1-0

[Event "3rd EUR-ch"]
[Site "Batumi GEO"]
[Date "2002.06.23"]
[Round "11"]
[White "Arman, Deniz"]
[Black "Duman, Aydin"]
[Result "1/2-1/2"]
[WhiteElo "2119"]
[BlackElo "2155"]
[EventDate "2002.06.12"]
[PlyCount "100"]

1.e4 c5 2.Nf3 Nc6 3.d4 cxd4 4.Nxd4 g6 5.Nc3 Bg7 6.Be3 Nf6 7.Be2 O-O 8.O-O 
d6 9.Nb3 Be6 10.f4 Na5 11.f5 Bc4 12.Bd3 Bxd3 13.cxd3 Nxb3 14.Qxb3 Ng4 15.
Bg5 h6 16.Bh4 g5 17.Bg3 h5 18.h3 Ne5 19.f6 Bxf6 20.Rxf6 exf6 21.Nd5 Re8 
22.Rf1 Re6 23.Bxe5 dxe5 24.Qxb7 Rb8 25.Qxa7 Rxb2 26.Rc1 Qb8 27.Qd7 Rb1 28.
Rxb1 Qxb1+ 29.Kh2 Qe1 30.Nc7 g4 31.hxg4 Qh4+ 32.Kg1 Rb6 33.Nb5 Rb8 34.gxh5
Kg7 35.a4 Qxh5 36.a5 Qd1+ 37.Kf2 Qc2+ 38.Kf3 Qd1+ 39.Kf2 Qd2+ 40.Kf3 Qd1+ 
41.Kf2 Qb3 42.Nd6 Qa2+ 43.Kf3 Qe6 44.Qc7 Rb2 45.Nf5+ Kh7 46.Qc1 Rxg2 47.
Kxg2 Qa2+ 48.Kg3 Kg8 49.Qh6 Qg2+ 50.Kh4 Qg4+ 1/2-1/2

[Event "3rd EUR-ch"]
[Site "Batumi GEO"]
[Date "2002.06.24"]
[Round "12"]
[White "Shengelia, Davit"]
[Black "Volkov, Sergei"]
[Result "0-1"]
[WhiteElo "2415"]
[BlackElo "2609"]
[EventDate "2002.06.12"]
[PlyCount "136"]

1.d4 d5 2.c4 c6 3.e3 Nf6 4.Nf3 Bf5 5.Nc3 e6 6.Nh4 Be4 7.f3 Bg6 8.Qb3 Qc7 
9.Bd2 Be7 10.O-O-O Nbd7 11.cxd5 cxd5 12.Nxg6 hxg6 13.Kb1 a6 14.Rc1 Qb6 15.
Qa4 Qa7 16.Bd3 Qb8 17.g4 b5 18.Qd1 Nb6 19.g5 Nfd7 20.f4 Nc4 21.h4 Ndb6 22.
Ka1 Qb7 23.Rc2 b4 24.Nb1 a5 25.b3 a4 26.bxc4 b3 27.c5 bxc2 28.Qxc2 Nc4 29.
Bc1 Qb4 30.Nc3 Bd8 31.e4 dxe4 32.Nxe4 Na5 33.Bb5+ Kf8 34.Bxa4 Bc7 35.Bd2 
Qa3 36.Bc1 Qf3 37.Rh2 Kg8 38.Nd6 Qg3 39.Rg2 Qxh4 40.Qe4 Rb8 41.Rg1 Qf2 42.
Qe3 Qxe3 43.Bxe3 Bxd6 44.cxd6 Nc4 45.Bc1 Nxd6 46.Bb3 Nf5 47.d5 Nd4 48.dxe6
Nxb3+ 49.axb3 fxe6 50.Rg3 Rh2 51.Rc3 Rb4 52.Kb1 Re2 53.Ka1 Rd4 54.Kb1 Rd7 
55.Ka1 Kf7 56.Kb1 Rb7 57.Ba3 Rd7 58.Bc1 Ke7 59.Bb2 Rd1+ 60.Bc1 Kd7 61.Ka1 
Rf2 62.Rc4 Rd3 63.b4 Re2 64.Bb2 Rd1+ 65.Bc1 Red2 66.b5 Rd4 67.Rc5 Rxf4 68.
Kb2 Rf5 0-1

[Event "3rd EUR-ch"]
[Site "Batumi GEO"]
[Date "2002.06.24"]
[Round "12"]
[White "Sulskis, Sarunas"]
[Black "Galkin, Alexander"]
[Result "1/2-1/2"]
[WhiteElo "2577"]
[BlackElo "2569"]
[EventDate "2002.06.12"]
[PlyCount "67"]

1.e4 c6 2.c4 d5 3.cxd5 cxd5 4.exd5 Nf6 5.Qa4+ Nbd7 6.Nc3 g6 7.g4 Bg7 8.g5 
Nh5 9.Nge2 O-O 10.Ng3 e6 11.d4 Nb6 12.Qd1 Nxg3 13.hxg3 exd5 14.Be3 Re8 15.
Qd2 Bf5 16.Bb5 Nc4 17.Bxc4 dxc4 18.O-O-O b5 19.Nxb5 Rb8 20.Nc3 Re7 21.Bf4 
Rb6 22.Rde1 Reb7 23.Qe3 Bxd4 24.Qe8+ Qxe8 25.Rxe8+ Kg7 26.Na4 Rxb2 27.Nxb2
c3 28.Nd3 Bxd3 29.Rb8 Rb2 30.Rd1 Rc2+ 31.Kb1 Rd2+ 32.Kc1 Rc2+ 33.Kb1 Rd2+ 
34.Kc1 1/2-1/2

[Event "3rd EUR-ch"]
[Site "Batumi GEO"]
[Date "2002.06.24"]
[Round "12"]
[White "Izoria, Zviad"]
[Black "Gashimov, Vugar"]
[Result "1/2-1/2"]
[WhiteElo "2556"]
[BlackElo "2470"]
[EventDate "2002.06.12"]
[PlyCount "113"]

1.c4 c5 2.Nf3 Nc6 3.Nc3 g6 4.e3 Bg7 5.d4 d6 6.d5 Nb8 7.e4 Nf6 8.h3 O-O 9.
Bd3 e6 10.Bg5 h6 11.Be3 exd5 12.exd5 a6 13.Qd2 Kh7 14.O-O b5 15.b3 Nbd7 
16.Qc2 Nb6 17.a4 b4 18.Ne2 Nh5 19.Rae1 f5 20.Nf4 Nxf4 21.Bxf4 g5 22.a5 
gxf4 23.axb6 Rb8 24.Qc1 Rxb6 25.Qxf4 a5 26.Re3 Bc3 27.g4 Rb7 28.Kh1 Rg7 
29.Rg1 Kg8 30.gxf5 Rxg1+ 31.Nxg1 Qf6 32.Rg3+ Kh8 33.Nf3 Rg8 34.Rg4 Bd7 35.
Qg3 Rxg4 36.hxg4 Bb2 37.Kg2 Bc1 38.Nh4 Be8 39.Ng6+ Bxg6 40.fxg6 Kg7 41.Bf5
Bb2 42.Qd3 Qe5 43.Qh3 Qf4 44.Qg3 Be5 45.Qxf4 Bxf4 46.Kf3 Bh2 47.Bc2 Kf6 
48.Bf5 Kg7 49.Ke4 Kf6 50.f4 Kg7 51.Kf3 Kf6 52.Be4 Kg7 53.Bc2 Kf6 54.g5+ 
hxg5 55.f5 Be5 56.Kg4 Kg7 57.Kxg5 1/2-1/2

[Event "3rd EUR-ch"]
[Site "Batumi GEO"]
[Date "2002.06.24"]
[Round "12"]
[White "Mchedlishvili, Mikheil"]
[Black "Baklan, Volodymyr"]
[Result "1-0"]
[WhiteElo "2540"]
[BlackElo "2618"]
[EventDate "2002.06.12"]
[PlyCount "105"]

1.d4 Nf6 2.c4 g6 3.g3 Bg7 4.Bg2 O-O 5.Nc3 d6 6.Nf3 c6 7.O-O Qa5 8.Nd2 Qb6 
9.e3 Na6 10.a3 c5 11.d5 Nc7 12.Rb1 e6 13.b4 exd5 14.cxd5 cxb4 15.Rxb4 Qa6 
16.Qc2 Bd7 17.Bb2 Rac8 18.Qb3 b6 19.Rd1 Rfd8 20.a4 Bg4 21.Re1 h5 22.Nb5 
Nxb5 23.axb5 Qb7 24.h3 Bf5 25.e4 Re8 26.Ra1 Bd7 27.Bd4 Nh7 28.Bxg7 Kxg7 
29.Rba4 Rc5 30.Rxa7 Qc8 31.Ra8 Qxa8 32.Rxa8 Rxa8 33.Nc4 f6 34.Nxd6 Ng5 35.
Kh2 Ra7 36.f4 Nf7 37.Nxf7 Rxb5 38.Qc2 Kxf7 39.e5 Bf5 40.e6+ Kg7 41.Qe2 Rc5
42.d6 Rc2 43.Qxc2 Bxc2 44.d7 Ra2 45.Kg1 Ra1+ 46.Kf2 Rd1 47.e7 Rd2+ 48.Kg1 
Rd1+ 49.Kh2 Rxd7 50.e8=Q Bf5 51.Qe3 b5 52.Bc6 Rc7 53.Qb6 1-0

[Event "3rd EUR-ch"]
[Site "Batumi GEO"]
[Date "2002.06.24"]
[Round "12"]
[White "Markowski, Tomasz"]
[Black "Aronian, Levon"]
[Result "1/2-1/2"]
[WhiteElo "2538"]
[BlackElo "2571"]
[EventDate "2002.06.12"]
[PlyCount "72"]

1.g3 Nf6 2.Bg2 d5 3.Nf3 g6 4.c4 Bg7 5.cxd5 O-O 6.O-O Nxd5 7.Nc3 Nc6 8.d4 
Nb6 9.d5 Na5 10.Qc2 c6 11.dxc6 Nxc6 12.Rd1 Bf5 13.e4 Bd7 14.Qe2 Qc8 15.Be3
Bg4 16.Rac1 Qe6 17.h3 Bxf3 18.Bxf3 Bxc3 19.bxc3 Rfd8 20.Bg2 Qc4 21.Qb2 Qa4
22.Rxd8+ Rxd8 23.Bxb6 axb6 24.Qxb6 Qxa2 25.Qxb7 Qd2 26.Qb1 g5 27.Qc2 Ne5 
28.Qxd2 Rxd2 29.Bf1 Nd7 30.Rb1 Ne5 31.Kg2 Kg7 32.Rc1 g4 33.h4 Nd7 34.Rb1 
Ne5 35.Rc1 Nd7 36.Rb1 Ne5 1/2-1/2

[Event "3rd EUR-ch"]
[Site "Batumi GEO"]
[Date "2002.06.24"]
[Round "12"]
[White "Guseinov, Gadir"]
[Black "Alexandrov, Alexei"]
[Result "0-1"]
[WhiteElo "2510"]
[BlackElo "2654"]
[EventDate "2002.06.12"]
[PlyCount "88"]

1.e4 e5 2.Nf3 Nc6 3.Bb5 Nf6 4.d3 d6 5.O-O g6 6.d4 Bd7 7.Re1 Bg7 8.Bxc6 
Bxc6 9.dxe5 Nxe4 10.Qd3 dxe5 11.Rxe4 Bxe4 12.Qxe4 Qd1+ 13.Qe1 O-O-O 14.Nc3
Qxc2 15.Bg5 f6 16.Be3 a6 17.Rc1 Qxb2 18.Na4 Qa3 19.Nc5 Bf8 20.Ne6 Rd7 21.
Nd2 Qa5 22.Qe2 Qd5 23.Nxf8 Rxf8 24.h3 Qxa2 25.Qg4 Rd8 26.Nc4 Kb8 27.Qf3 f5
28.Nxe5 Rd5 29.Bf4 Rc8 30.h4 Rd4 31.Be3 Rd6 32.Bf4 Qa4 33.Kh2 Qe4 34.Qxe4 
fxe4 35.Rc4 b5 36.Rxe4 Kb7 37.g4 a5 38.Bg3 Re8 39.f4 a4 40.f5 gxf5 41.gxf5
a3 42.Re1 Rf6 43.Ra1 Rxf5 44.Nd3 Re2+ 0-1

[Event "3rd EUR-ch"]
[Site "Batumi GEO"]
[Date "2002.06.24"]
[Round "12"]
[White "Bagaturov, Giorgi"]
[Black "Goloshchapov, Alexander"]
[Result "1/2-1/2"]
[WhiteElo "2434"]
[BlackElo "2543"]
[EventDate "2002.06.12"]
[PlyCount "76"]

1.d4 d5 2.c4 c6 3.Nf3 e6 4.Nbd2 f5 5.g3 Nf6 6.Bg2 Bd6 7.O-O O-O 8.Qc2 b6 
9.Ne5 Bxe5 10.dxe5 Nfd7 11.Nf3 a5 12.g4 Nc5 13.gxf5 Rxf5 14.Bh3 Rf8 15.Ng5
g6 16.f4 Qe7 17.Be3 Nbd7 18.b3 Re8 19.a3 Nf8 20.Rab1 Bb7 21.b4 axb4 22.
axb4 Ncd7 23.cxd5 cxd5 24.Qc7 Ra3 25.Bd4 Ba8 26.Qd6 h6 27.Qxe7 Rxe7 28.Nf3
Ra2 29.Rfc1 Rxe2 30.Rc8 Ra2 31.Ra1 Rxa1+ 32.Bxa1 Bb7 33.Rc7 Ba6 34.Nd4 Bd3
35.Nxe6 Nxe6 36.Rxd7 Rxd7 37.Bxe6+ Rf7 38.Bxd5 Kf8 1/2-1/2

[Event "3rd EUR-ch"]
[Site "Batumi GEO"]
[Date "2002.06.24"]
[Round "12"]
[White "Mamedov, Nidjat"]
[Black "Malakhatko, Vadim"]
[Result "1/2-1/2"]
[WhiteElo "2463"]
[BlackElo "2517"]
[EventDate "2002.06.12"]
[PlyCount "135"]

1.e4 c6 2.d4 d5 3.Nc3 dxe4 4.Nxe4 Bf5 5.Ng3 Bg6 6.h4 h6 7.Nf3 Nd7 8.Bd3 
Bxd3 9.Qxd3 e6 10.Bd2 Ngf6 11.O-O-O Be7 12.Ne4 Nxe4 13.Qxe4 Nf6 14.Qe2 Qd5
15.Kb1 Qe4 16.Be3 Nd5 17.Nd2 Qh7 18.Nc4 Rc8 19.Bc1 c5 20.dxc5 O-O 21.Ne5 
Bxc5 22.g4 Bd6 23.Nd3 Rc6 24.Bd2 Rfc8 25.Rc1 Rc4 26.f3 h5 27.gxh5 Qxh5 28.
Bg5 a5 29.Rhg1 a4 30.Qg2 Qh7 31.a3 b5 32.h5 b4 33.h6 g6 34.axb4 a3 35.bxa3
Nc3+ 36.Ka1 Qh8 37.h7+ Kf8 38.Qh3 Nd5+ 39.Kb1 Nc3+ 40.Ka1 Nd5+ 41.Kb1 Rc3 
42.Rh1 Ke8 43.Bh6 Qxh7 44.Bd2 Qxh3 45.Rxh3 Rxa3 46.Rh8+ Kd7 47.Rxc8 Kxc8 
48.Kb2 Ra8 49.c4 Nc7 50.Kb3 Kd7 51.Rh1 Kc6 52.Rh7 f6 53.Be3 Ra1 54.c5 Bg3 
55.b5+ Kxb5 56.Rh3 Be1 57.Rh1 Bc3 58.Bc1 Bd4 59.Rh8 Ra8 60.Rxa8 Nxa8 61.
Nf4 Nc7 62.Nxg6 Kxc5 63.Kc2 Kd5 64.Kd3 e5 65.Ne7+ Ke6 66.Nc6 Bc5 67.f4 Kd5
68.fxe5 1/2-1/2

[Event "3rd EUR-ch"]
[Site "Batumi GEO"]
[Date "2002.06.24"]
[Round "12"]
[White "Kotronias, Vasilios"]
[Black "Dovliatov, Sanan"]
[Result "1-0"]
[WhiteElo "2580"]
[BlackElo "2318"]
[EventDate "2002.06.12"]
[PlyCount "87"]

1.e4 e5 2.Nf3 Nc6 3.Bb5 a6 4.Ba4 Nf6 5.O-O Be7 6.Re1 b5 7.Bb3 O-O 8.c3 d6 
9.h3 Nb8 10.d4 Nbd7 11.Nbd2 Bb7 12.Bc2 Re8 13.Nf1 Bf8 14.Ng3 g6 15.a4 c5 
16.d5 c4 17.Bg5 h6 18.Be3 Nc5 19.Qd2 h5 20.Bg5 Be7 21.Qe3 Rb8 22.Ra3 Nh7 
23.Bh6 Bc8 24.axb5 axb5 25.Rea1 Qb6 26.Nd2 Bf8 27.Kh2 Bd7 28.Bxf8 Rxf8 29.
f4 exf4 30.Qxf4 Rbe8 31.Nf3 Na4 32.Nd4 Re5 33.Qh6 Qd8 34.Nf3 Qe7 35.Rf1 
Ng5 36.Nxe5 Qxe5 37.h4 Nh7 38.Qf4 Qe7 39.Kg1 Kg7 40.Rf2 Re8 41.Ra1 Nxb2 
42.Ra6 Nf6 43.Rxd6 Ng4 44.e5 1-0

[Event "3rd EUR-ch"]
[Site "Batumi GEO"]
[Date "2002.06.24"]
[Round "12"]
[White "Zhukova, Natalia"]
[Black "Bagirov, Rufat"]
[Result "1-0"]
[WhiteElo "2425"]
[BlackElo "2516"]
[EventDate "2002.06.12"]
[PlyCount "103"]

1.d4 d5 2.c4 e6 3.Nf3 Nf6 4.Nc3 Bb4 5.Bg5 Nbd7 6.cxd5 exd5 7.e3 c5 8.Bd3 
Qa5 9.Qc2 c4 10.Bf5 O-O 11.O-O Re8 12.Nd2 g6 13.Bh3 Bxc3 14.Qxc3 Qxc3 15.
bxc3 Ne4 16.Nxe4 dxe4 17.Bg4 Nb6 18.Be2 Be6 19.Rab1 Rac8 20.Rfc1 Rc7 21.
Bf4 Rd7 22.Be5 Rc8 23.Bd1 Bd5 24.a4 Bc6 25.Rb4 Rd5 26.Ra1 Nd7 27.Bg3 a5 
28.Rb2 b6 29.Bg4 f5 30.Be2 Bb7 31.Rab1 Rc6 32.Bh4 Kf7 33.Bd8 Rdd6 34.d5 
Rxd5 35.Bxb6 Ba6 36.Bd4 Ke7 37.f3 Nc5 38.Bd1 h5 39.Rb8 Ne6 40.fxe4 fxe4 
41.Bc2 Nc5 42.R1b6 Rdd6 43.Bxc5 Rxc5 44.Rxd6 Kxd6 45.Rb6+ Rc6 46.Rxc6+ 
Kxc6 47.Bxe4+ Kd6 48.Bxg6 Ke5 49.Bxh5 Ke4 50.Kf2 Kd3 51.Bg6+ Kxc3 52.h4 
1-0

[Event "3rd EUR-ch"]
[Site "Batumi GEO"]
[Date "2002.06.24"]
[Round "12"]
[White "Dzhakaev, Dzhaka"]
[Black "Supatashvili, Khvicha"]
[Result "1-0"]
[WhiteElo "2425"]
[BlackElo "2509"]
[EventDate "2002.06.12"]
[PlyCount "81"]

1.Nf3 Nf6 2.c4 e6 3.Nc3 Bb4 4.Qc2 c5 5.a3 Bxc3 6.Qxc3 O-O 7.b4 d6 8.Bb2 e5
9.e3 b6 10.Be2 Bg4 11.h3 Bh5 12.d3 Nc6 13.b5 Na5 14.O-O Re8 15.Qc2 Nd7 16.
Bc3 Nb7 17.a4 a6 18.Qb2 Bg6 19.Nd2 Qc7 20.e4 f6 21.Bg4 Nd8 22.a5 Ne6 23.
axb6 Qxb6 24.Ra3 Rab8 25.Qa2 axb5 26.cxb5 Nf8 27.Nc4 Qxb5 28.Nxd6 Qd7 29.
Nxe8 Rxe8 30.Ra8 Bf7 31.Rxe8 Qxe8 32.Qa6 h5 33.Bd1 Nf4 34.Bd2 N8e6 35.Bb3 
Ne2+ 36.Kh2 N6d4 37.Bxf7+ Qxf7 38.Rb1 Kh7 39.Rb8 Ne6 40.Qc8 N2d4 41.Qh8+ 
1-0

[Event "3rd EUR-ch"]
[Site "Batumi GEO"]
[Date "2002.06.24"]
[Round "12"]
[White "Danner, Georg"]
[Black "Kekelidze, Mikheil"]
[Result "0-1"]
[WhiteElo "2407"]
[BlackElo "2477"]
[EventDate "2002.06.12"]
[PlyCount "84"]

1.d4 d5 2.c4 e5 3.dxe5 d4 4.Nf3 Nc6 5.g3 Bg4 6.Bg2 Qd7 7.Nbd2 Bh3 8.O-O h5
9.Qa4 Bxg2 10.Kxg2 h4 11.b4 hxg3 12.fxg3 Qh3+ 13.Kg1 d3 14.exd3 O-O-O 15.
Rf2 Rxd3 16.Nf1 Bxb4 17.Be3 Nh6 18.Rd1 Ra3 19.Qc2 Ng4 20.Qf5+ Kb8 21.Ng5 
Qh5 22.Nxf7 Nxe3 23.Nxe3 Rxe3 24.Qxh5 Rxh5 25.g4 Rh4 26.Rf4 a5 27.Kg2 Nxe5
28.Nxe5 Rxe5 29.Rd5 Rxh2+ 30.Kxh2 Rxd5 31.Rf7 Rd2+ 32.Kh3 g5 33.Rf5 Rxa2 
34.Rxg5 Ra3+ 35.Kg2 Rc3 36.Rg8+ Ka7 37.g5 Rxc4 38.g6 Rc6 39.Kf3 a4 40.g7 
Rg6 41.Ra8+ Kxa8 42.g8=Q+ Rxg8 0-1

[Event "3rd EUR-ch"]
[Site "Batumi GEO"]
[Date "2002.06.24"]
[Round "12"]
[White "Bae, Torstein"]
[Black "Petrov, Marijan"]
[Result "0-1"]
[WhiteElo "2314"]
[BlackElo "2469"]
[EventDate "2002.06.12"]
[PlyCount "64"]

1.e4 c5 2.Nf3 Nc6 3.d4 cxd4 4.Nxd4 Qb6 5.Nb3 Nf6 6.Bd3 e6 7.O-O Be7 8.Be3 
Qc7 9.f4 d6 10.a3 O-O 11.c4 Na5 12.Nd4 a6 13.Nc3 Nxc4 14.Bxc4 Qxc4 15.Rc1 
Qc7 16.g4 Qd8 17.g5 Nd7 18.Qh5 g6 19.Qh4 Re8 20.f5 Bf8 21.Rf3 Ne5 22.Rh3 
h5 23.Rf1 Bd7 24.Nde2 exf5 25.Nd5 Bg7 26.exf5 Ng4 27.Bb6 Rxe2 28.Bxd8 Bd4+
29.Kh1 Bc6 30.Bf6 Bxd5+ 31.Rhf3 Bf2 32.Rxf2 Rxf2 0-1

[Event "3rd EUR-ch"]
[Site "Batumi GEO"]
[Date "2002.06.24"]
[Round "12"]
[White "Jojua, Davit"]
[Black "Cheparinov, Ivan"]
[Result "1/2-1/2"]
[WhiteElo "2125"]
[BlackElo "2457"]
[EventDate "2002.06.12"]
[PlyCount "125"]

1.e4 c5 2.Nf3 d6 3.d4 cxd4 4.Nxd4 Nf6 5.Nc3 a6 6.Bg5 e6 7.Qd3 Be7 8.O-O-O 
h6 9.Bd2 Qc7 10.Be2 Nbd7 11.Qg3 Rg8 12.f4 g5 13.fxg5 hxg5 14.Rhf1 b5 15.a3
Ne5 16.Nf3 Nxf3 17.Rxf3 Bb7 18.Bd3 Nd7 19.Rdf1 Ne5 20.R3f2 O-O-O 21.Be3 
Kb8 22.Bd4 f6 23.Be2 Bc6 24.Bxe5 dxe5 25.Bg4 Bd7 26.Rd1 Bc8 27.Rfd2 Rxd2 
28.Rxd2 Rd8 29.Rxd8 Qxd8 30.Qh3 Qb6 31.Kb1 Qc6 32.Qh8 a5 33.Qg7 Qb7 34.
Nxb5 Bc5 35.Qxf6 Qxb5 36.Qxe5+ Ka7 37.Bxe6 Bxe6 38.Qxe6 Bxa3 39.Qf7+ Kb8 
40.Qg8+ Kc7 41.Qf7+ Kd8 42.Qg8+ Kd7 43.Qg7+ Be7 44.Qd4+ Ke6 45.Qc3 Qe5 46.
Qc4+ Kf6 47.h3 Kg7 48.c3 Bf6 49.Qd3 Kg6 50.Qc4 Qd6 51.Qg8+ Kh6 52.Qc4 Kg7 
53.Ka2 Be7 54.Kb1 Kf6 55.Qb5 Qe5 56.Qc4 Qc5 57.Qe2 Bd6 58.Qf3+ Kg6 59.Qg4 
Qf2 60.h4 Qxh4 61.Qe6+ Kh5 62.Qf7+ Kh6 63.Qf6+ 1/2-1/2

[Event "3rd EUR-ch"]
[Site "Batumi GEO"]
[Date "2002.06.24"]
[Round "12"]
[White "Yegiazarian, Arsen"]
[Black "Chibukhchian, Artur"]
[Result "1/2-1/2"]
[WhiteElo "2567"]
[BlackElo "2379"]
[EventDate "2002.06.12"]
[PlyCount "23"]

1.e4 e6 2.d4 d5 3.exd5 exd5 4.Nf3 Nf6 5.Bd3 Bd6 6.h3 O-O 7.O-O Re8 8.c4 
dxc4 9.Bxc4 Nbd7 10.Nc3 Nb6 11.Bb3 Be6 12.Bg5 1/2-1/2

[Event "3rd EUR-ch"]
[Site "Batumi GEO"]
[Date "2002.06.24"]
[Round "12"]
[White "Velicka, Petr"]
[Black "Makharadze, Jambul"]
[Result "0-1"]
[WhiteElo "2437"]
[BlackElo "2302"]
[EventDate "2002.06.12"]
[PlyCount "132"]

1.e4 c5 2.Nf3 d6 3.d4 cxd4 4.Nxd4 Nf6 5.f3 e5 6.Nb3 Be6 7.c4 Nbd7 8.Be3 
Be7 9.Be2 O-O 10.O-O Rc8 11.Na3 a6 12.Qd2 g6 13.Bh6 Qb6+ 14.Kh1 Rfd8 15.
Rab1 Kh8 16.Be3 Qc7 17.Bd3 Nc5 18.Be2 Nxb3 19.axb3 Nd7 20.b4 f5 21.Bd3 f4 
22.Bg1 g5 23.g4 h5 24.h3 hxg4 25.hxg4 Kg7 26.Kg2 Nf6 27.Bf2 Qd7 28.Rh1 
Bxg4 29.Rbg1 Be6 30.Kf1 g4 31.Bh4 Rh8 32.Bxf6+ Bxf6 33.fxg4 Rxh1 34.Rxh1 
Rh8 35.Rxh8 Kxh8 36.Qh2+ Kg7 37.Be2 Bg5 38.Qh5 Qd8 39.Nb1 Bf7 40.Qh3 Bh4 
41.Nc3 Bg3 42.g5 Qxg5 43.Nd5 Qh4 44.Bg4 Qxh3+ 45.Bxh3 Bg6 46.Nc3 b6 47.Bg4
Kh6 48.Bf3 Bh4 49.b5 axb5 50.Nxb5 Be7 51.Nc3 Kg5 52.Nd5 Bd8 53.b4 Be8 54.
b5 Bd7 55.Kg2 Kh4 56.Nc3 Bh3+ 57.Kf2 Be6 58.Nd5 Kh3 59.Bg2+ Kh2 60.Bf3 Bh3
61.Nb4 Bh4+ 62.Ke2 Kg1 63.Nd3 Bf1+ 64.Kd2 Bf2 65.Nb2 Be3+ 66.Ke1 Bd4 0-1

[Event "3rd EUR-ch"]
[Site "Batumi GEO"]
[Date "2002.06.24"]
[Round "12"]
[White "Shanava, Konstantine"]
[Black "Arutinian, David"]
[Result "1/2-1/2"]
[WhiteElo "2390"]
[BlackElo "2427"]
[EventDate "2002.06.12"]
[PlyCount "48"]

1.e4 c5 2.Nf3 Nc6 3.d4 cxd4 4.Nxd4 Nf6 5.Nc3 d6 6.Bc4 e6 7.Be3 Be7 8.Qe2 
O-O 9.O-O-O a6 10.Bb3 Qc7 11.g4 Nxd4 12.Rxd4 b5 13.g5 Nd7 14.f4 Nc5 15.f5 
Nxb3+ 16.axb3 exf5 17.Nd5 Qd8 18.Rg1 Re8 19.Qf2 g6 20.exf5 Bxf5 21.Rh4 Rc8
22.Qxf5 gxf5 23.Nf6+ Kg7 24.Rxh7+ Kg6 1/2-1/2